| 000 | 00591nam a2200205Ia 4500 | ||
|---|---|---|---|
| 005 | 20250923150053.0 | ||
| 008 | 008 250917s9999 xx 000 0 eng d | ||
| 037 | _aTextual | ||
| 040 |
_aDSWL _beng _cDSWL |
||
| 041 |
_aeng _2eng |
||
| 084 |
_aY:45154.2, POO _qDSWL |
||
| 100 |
_aWeinberger, T. _9841894 |
||
| 245 | 0 |
_aAshes of immortality: Widow buring in India _c by T.Weinberger |
|
| 260 |
_aNew Delhi _b Oxford University Press _c2000 |
||
| 300 | _a322p. | ||
| 365 |
_aINR _b545 |
||
| 925 | _g545 | ||
| 942 |
_cTEXL _hY:45154.2, POO |
||
| 999 |
_c1459222 _d1459222 |
||